Sports Quiz

Random Sports or Basketball Quiz

NBA MVP Voting (2000s) Quiz Stats

 Plays Quiz Updated Sep 13, 2018

Score 0/153 Timer 10:00
31 Plays Today
Year Player % Correct
2009LeBron James
99.7%
2008LeBron James
99.7%
2007LeBron James
99.7%
2006LeBron James
99.7%
2005LeBron James
99.7%
2004LeBron James
99.7%
2009Kobe Bryant
99.4%
2008Kobe Bryant
99.4%
2007Kobe Bryant
99.4%
2006Kobe Bryant
99.4%
2004Kobe Bryant
99.4%
2003Kobe Bryant
99.4%
2002Kobe Bryant
99.4%
2001Kobe Bryant
99.4%
2000Kobe Bryant
99.4%
2009Dwyane Wade
98.4%
2007Dwyane Wade
98.4%
2006Dwyane Wade
98.4%
2005Dwyane Wade
98.4%
2009Tim Duncan
97.8%
2008Tim Duncan
97.8%
2007Tim Duncan
97.8%
2006Tim Duncan
97.8%
2005Tim Duncan
97.8%
2004Tim Duncan
97.8%
2003Tim Duncan
97.8%
2002Tim Duncan
97.8%
2001Tim Duncan
97.8%
2000Tim Duncan
97.8%
2008Kevin Garnett
97.1%
2007Kevin Garnett
97.1%
2005Kevin Garnett
97.1%
2004Kevin Garnett
97.1%
2003Kevin Garnett
97.1%
2002Kevin Garnett
97.1%
2001Kevin Garnett
97.1%
2000Kevin Garnett
97.1%
2008Steve Nash
96.7%
2007Steve Nash
96.7%
2006Steve Nash
96.7%
2005Steve Nash
96.7%
2003Steve Nash
96.7%
2002Steve Nash
96.7%
2007Shaquille O'Neal
96.4%
2005Shaquille O'Neal
96.4%
2004Shaquille O'Neal
96.4%
2003Shaquille O'Neal
96.4%
2002Shaquille O'Neal
96.4%
2001Shaquille O'Neal
96.4%
2000Shaquille O'Neal
96.4%
2009Dirk Nowitzki
96.4%
Year Player % Correct
2008Dirk Nowitzki
96.4%
2007Dirk Nowitzki
96.4%
2006Dirk Nowitzki
96.4%
2005Dirk Nowitzki
96.4%
2004Dirk Nowitzki
96.4%
2003Dirk Nowitzki
96.4%
2002Dirk Nowitzki
96.4%
2009Paul Pierce
96.4%
2008Paul Pierce
96.4%
2003Paul Pierce
96.4%
2002Paul Pierce
96.4%
2001Paul Pierce
96.4%
2009Dwight Howard
96%
2008Dwight Howard
96%
2004Jermaine O'Neal
95.5%
2006Allen Iverson
95.4%
2005Allen Iverson
95.4%
2003Allen Iverson
95.4%
2002Allen Iverson
95.4%
2001Allen Iverson
95.4%
2000Allen Iverson
95.4%
2009Tony Parker
95.4%
2007Tony Parker
95.4%
2006Tony Parker
95.4%
2009Chris Paul
94.9%
2008Chris Paul
94.9%
2008Carmelo Anthony
93.7%
2007Carmelo Anthony
93.7%
2004Carmelo Anthony
93.7%
2008Tracy McGrady
89.6%
2007Tracy McGrady
89.6%
2005Tracy McGrady
89.6%
2003Tracy McGrady
89.6%
2002Tracy McGrady
89.6%
2001Tracy McGrady
89.6%
2004Jason Kidd
87.8%
2003Jason Kidd
87.8%
2002Jason Kidd
87.8%
2001Jason Kidd
87.8%
2000Jason Kidd
87.8%
2009Yao Ming
86.6%
2004Yao Ming
86.6%
2009Chauncey Billups
86.5%
2007Chauncey Billups
86.5%
2006Chauncey Billups
86.5%
2005Vince Carter
85.8%
2001Vince Carter
85.8%
2000Vince Carter
85.8%
2004Ben Wallace
85.6%
2003Ben Wallace
85.6%
2002Ben Wallace
85.6%
Year Player % Correct
2008Rasheed Wallace
85.5%
2005Ray Allen
84.9%
2001Ray Allen
84.9%
2008Amare Stoudemire
83.8%
2007Amare Stoudemire
83.8%
2005Amare Stoudemire
83.8%
2008Manu Ginobili
81.5%
2001Karl Malone
80.4%
2000Karl Malone
80.4%
2008Deron Williams
78.2%
2007Gilbert Arenas
78.2%
2005Gilbert Arenas
78.2%
2003Chris Webber
77.2%
2002Chris Webber
77.2%
2001Chris Webber
77.2%
2000Chris Webber
77.2%
2007Chris Bosh
77.2%
2000Reggie Miller
74.2%
2002Gary Payton
71.9%
2000Gary Payton
71.9%
2009Brandon Roy
70.3%
2001David Robinson
68.5%
2000Alonzo Mourning
67.8%
2007Baron Davis
64.3%
2004Baron Davis
64.3%
2006Shawn Marion
63.4%
2005Shawn Marion
63.4%
2001John Stockton
62.8%
2008Carlos Boozer
61.2%
2007Carlos Boozer
61.2%
2006Elton Brand
57.9%
2002Elton Brand
57.9%
2004Peja Stojakovic
56.5%
2002Peja Stojakovic
56.5%
2002Michael Jordan
55.4%
2002Mike Bibby
52.9%
2004Michael Redd
52.4%
2008Antawn Jamison
51.8%
2000Grant Hill
50.8%
2004Andrei Kirilenko
41.6%
2004Sam Cassell
40.7%
2002Jerry Stackhouse
39.2%
2001Jerry Stackhouse
39.2%
2001Michael Finley
35%
2000Michael Finley
35%
2000Jalen Rose
35%
2003Jamal Mashburn
29%
2005Marcus Camby
28%
2005PJ Brown
17.3%
2001Anthony Mason
11.6%
2000Darrell Armstrong
10.4%

You're not logged in!

Compare scores with friends on all Sporcle quizzes.
OR
Log In

Sporcle TV

Today on Sporcle TV


Watch our educational content, quiz creation guides, and fun videos on Sporcle TV.

Show Comments

Extras

Top Quizzes Today


Score Distribution

Your Account Isn't Verified!

In order to create a playlist on Sporcle, you need to verify the email address you used during registration. Go to your Sporcle Settings to finish the process.

Report this User

Report this user for behavior that violates our Community Guidelines.

Details: